00423nam a2200145Ia 4500008004100000020001500041041001200056082001600068100002100084245009300105260003600198300000800234650001600242700001900258221030s9999 xx 000 0 und d a8178081032 aEnglish a105.23bAho aA. V. Aho ( PR ) 4aThe Design & Analysis Of Computer Algorithms ( PR )cby A. V. Aho ( PR ), J. E. Hopcroft bPearson EducationaDelhic2002 a470 aBE Computer aJ. E. Hopcroft